000 00562nam a2200169Ia 4500
008 090201s9999 xx 000 0 und d
010 _aKPL-26554
040 _bमराठी
041 _aमराठी
082 _a22468
_b26554
100 _aअशोक शहाणे
245 _aघरंदाजांच्या गोष्टी
_cअशोक शहाणे
260 _c2004
_bअमेय प्रकाशन
300 _a174
_bलहान
600 _aघरंदाजांच्या गोष्टी
942 _cBOOK
999 _c221996
_d221996